Random Spanish Words - Statistics

General Stats
  • This quiz has been taken 1,113 times
  • The average score is 8 of 12
Answer Stats
Hint Answer % Correct
La playa The beach
94%
El huevo The egg
85%
Bienvenido Welcome
85%
Lo siento I'm sorry
84%
El avión Aeroplane
83%
Una patata A potato
83%
La medianoche Midnight
75%
El curry Curry
73%
El cine The cinema
66%
El cerdo Pig
45%
La medusa Jellyfish
37%
El reno Reindeer
14%
No matching quizzes found
Score Distribution
Percent of People with Each Score
Percentile by Number Answered
Your Score History
You have not taken this quiz